Nonlinear Programming. Theory and Algorithms.
Сохранить в:
| Главные авторы: | , , |
|---|---|
| Формат: | Неизвестно |
| Опубликовано: |
Hoboken, New Jersey, United States:
Wiley-Interscience,
2006.
|
| Редактирование: | Third Edition. |
| Предметы: | |
| Метки: |
Добавить метку
Нет меток, Требуется 1-ая метка записи!
|
MARC
| LEADER | 00000 a2200000 4500 | ||
|---|---|---|---|
| 003 | CL-VaPUC | ||
| 005 | 20220909102800.0 | ||
| 008 | 220830t2006 ||||| |||| 00| 0 eng d | ||
| 999 | |c 438546 |d 438544 | ||
| 020 | |a 978-0471486008 | ||
| 040 | |c Pontificia Universidad Católica de Valparaíso | ||
| 082 | |a 519.76 BAZ 2006 | ||
| 100 | |a Bazaraa, Mokhtar S |9 327449 |e author | ||
| 245 | |a Nonlinear Programming. |b Theory and Algorithms. | ||
| 250 | |a Third Edition. | ||
| 260 | |a Hoboken, New Jersey, United States: |b Wiley-Interscience, |c 2006. | ||
| 300 | |a 853 páginas. | ||
| 583 | |k Cristina María Rojas Aguilar |c 20220830 | ||
| 650 | 0 | |a Programación no lineal |9 259385 | |
| 700 | |a Sherali, Hanif D |9 327450 |e author | ||
| 700 | |a Shetty, C. M |9 327451 |e author | ||
| 942 | |2 ddc |c BK | ||
| 952 | |0 0 |1 0 |2 ddc |4 0 |6 519_760000000000000_BAZ_2006 |7 0 |8 A |9 586456 |a BIBING |b BIBING |c GEN |d 2022-08-26 |e 1 |g 69162.00 |i 5654278 |l 0 |o 519.76 BAZ 2006 |p 5654278 |r 2025-01-20 |t 1 |v 69162.00 |w 2022-08-26 |y BK |k EII | ||